000 02610nam0a2200421 4500
001 RU\NLR\bibl\1160690
005 20260406030730.0
010 _a978-5-9775-0127-9
_93000
021 _aRU
_b2007-68755
_93694
035 _a(nilc)RSL-KNO-003327060
035 _a(NLR Aleph) 001147439
090 _a1456209
_c1456209
100 _a20071010d2007 |||y0rusy50 ca
101 0 _arus
102 _aRU
105 _aa |||||||||
200 1 _aSound Forge 9
_eзапись и обработка звука
_fРоман Петелин, Юрий Петелин
210 _aСанкт-Петербург
_cБХВ-Петербург
_d2007
215 _a524 с.
_cил.
_d24
_e[1] электрон. опт. диск (CD-ROM)
300 _aНа 4-й с. обл. авт.: Петелин Р.Ю., Петелин Ю.В., к.т.н., доц.
320 _aБиблиогр.: с. 509-515 (114 назв.)
320 _aПредм. указ.: с. 517-524
606 1 _aSOUND FORGE 9.0, звуковой редактор
_92498905
_3RU\NLR\auth\661482242
610 0 _aВычислительная техника -- Вычислительные машины электронные цифровые -- Персональные компьютеры -- Элементы и узлы -- Управляющие, вводные и выводные устройства -- Преобразовательные, пересчетные и кодирующие устройства -- Преобразователи непрерывных величин в цифровой код -- Преобразователи электрических величин -- Программирование
610 0 _aРадиоэлектроника -- Электроакустика -- Запись и воспроизведение звука -- Оптическая запись и воспроизведение звука -- Аппаратура -- Автоматизация
610 0 _aаудиофайлы
686 _aЗ973.26-044.423-018,0
_2rubbk
686 _aЗ871.4-5-05,0
_2rubbk
686 _aЗ973.235-018
700 1 _4070
_8rus
_7ca
_aПетелин
_bР.Ю.
_gРоман Юрьевич
_3RU\NLR\auth\77973
_9111008
701 1 _4070
_8rus
_7ca
_aПетелин
_bЮ. В.
_cканд. техн. наук, специалист в обл. компьютерной музыки
_gЮрий Владимирович
_3RU\NLR\AUTH\77972
_9111007
801 0 _aRU
_bРКП
_c20071010
_grcr
801 1 _aRU
_bРГБ
_c20071010
801 2 _aRU
_bNLR
_c20071129
_grcr
942 _cBOOK
980 _aNB